Appraisal Institute Magazine (Record no. 118866)
[ view plain ]
| 000 -LEADER | |
|---|---|
| fixed length control field | 00601cas a22002175a 4500 |
| 001 - CONTROL NUMBER | |
| control field | ##L134194 |
| 008 - FIXED-LENGTH DATA ELEMENTS--GENERAL INFORMATION | |
| fixed length control field | 070704d1956 xxcqr p 0 a0eng u |
| 022 1# - INTERNATIONAL STANDARD SERIAL NUMBER | |
| International Standard Serial Number | 0383-6647 |
| 035 ## - SYSTEM CONTROL NUMBER | |
| System control number | (Sirsi) u134194 |
| 041 0# - LANGUAGE CODE | |
| Language code of text/sound track or separate title | eng |
| 110 2# - MAIN ENTRY--CORPORATE NAME | |
| Corporate name or jurisdiction name as entry element | Appraisal Institute of Canada |
| 9 (RLIN) | 829 |
| 245 00 - TITLE STATEMENT | |
| Title | Appraisal Institute Magazine |
| 260 ## - PUBLICATION, DISTRIBUTION, ETC. | |
| Place of publication, distribution, etc. | Winnipeg |
| Name of publisher, distributor, etc. | AIC |
| Date of publication, distribution, etc. | 1956-1983 |
| 362 ## - DATES OF PUBLICATION AND/OR SEQUENTIAL DESIGNATION | |
| Dates of publication and/or sequential designation | 10(1) Spring 1966-27(4) Winter 1983 |
| 554 ## - | |
| -- | Four per year |
| 651 #4 - SUBJECT ADDED ENTRY--GEOGRAPHIC NAME | |
| Geographic name | Canada |
| 690 ## - LOCAL SUBJECT ADDED ENTRY--TOPICAL TERM (OCLC, RLIN) | |
| Topical term or geographic name as entry element | PROPERTY-PROPERTY APPRAISAL AND VALUATION |
| 785 00 - SUCCEEDING ENTRY | |
| Title | Canadian Appraiser |
| International Standard Serial Number | 0827-2697 |
| 942 ## - ADDED ENTRY ELEMENTS (KOHA) | |
| Suppress in OPAC | 0 |
| 948 ## - LOCAL PROCESSING INFORMATION (OCLC); SERIES PART DESIGNATOR (RLIN) | |
| c (OCLC) | 09/03/1994 |
| Withdrawn status | Lost status | Source of classification or shelving scheme | Damaged status | Not for loan | Home library | Current library | Shelving location | Date acquired | Total Checkouts | Full call number | Barcode | Date last seen | Price effective from | Koha item type |
|---|---|---|---|---|---|---|---|---|---|---|---|---|---|---|
| Dewey Decimal Classification | London | London | Gallery | 17/07/2006 | CANDIAN APPRAISER | 134194-1001 | 06/08/2019 | 06/08/2019 | Journal |